| 000 | 00708nam a2200229 a 4500 | ||
|---|---|---|---|
| 001 | BRCA_8011 | ||
| 005 | 20190320210108.0 | ||
| 008 | 190314s1926----po-a###f##---#001-0#por-# | ||
| 041 | _apor | ||
| 044 | _apo | ||
| 050 | 4 |
_aPQ9261 _b.C2 _c1926 |
|
| 100 | 1 |
_aCabral do Nascimento, Joao _919899 |
|
| 245 | 1 | 0 |
_aDescaminho _cJoao Cabral do Nascimento. |
| 260 |
_aLisboa _bPortugalia _c1926 |
||
| 300 |
_a60 p. _bil. _c20 cm. |
||
| 500 | _a3140 | ||
| 500 | _aCuatro ejemplares idénticos inventariados como un sólo libro por el Banco de México | ||
| 500 | _aCuatro ejemplares idénticos muy deteriorados amarrados en un solo fajo | ||
| 650 | 1 | 4 |
_aPoesía portuguesa _919900 |
| 902 | _aGFM | ||
| 942 |
_2lcc _cB |
||
| 999 |
_c7680 _d7680 |
||